[Event "chess.com Speed 2019"]
[Site "chess.com INT"]
[Date "2019.10.03"]
[Round "1.5"]
[White "Artemiev, V."]
[Black "Grischuk, A."]
[Result "1-0"]
[WhiteElo "2746"]
[BlackElo "2759"]
[PlyCount "91"]
[EventDate "2019.09.02"]
[EventType "k.o. (blitz)"]
[EventRounds "4"]
[EventCountry "USA"]
[SourceTitle "The Week in Chess 1301"]
[Source "Mark Crowther"]
[SourceDate "2019.10.14"]
[SourceVersion "2"]
[SourceVersionDate "2019.10.21"]
[SourceQuality "2"]

1. b3 d5 2. Bb2 Bf5 3. e3 e6 4. Nf3 h6 5. d3 Nf6 6. Nbd2 Bh7 7. Qe2 c5 8. Rg1
Nc6 9. g4 d4 10. e4 Qc7 11. h4 Bd6 12. O-O-O b5 13. Kb1 Nd7 14. g5 a5 15. Bh3
hxg5 16. Rxg5 Bf8 17. Rdg1 a4 18. Rxg7 Bxg7 19. Rxg7 axb3 20. cxb3 Qf4 21. Ng5
Bg8 22. Ngf3 Nde5 23. Bc1 Qf6 24. Rg5 Bh7 25. Bg2 Nxf3 26. Nxf3 e5 27. Bh3 Bg6
28. Bg4 Qe7 29. h5 Bh7 30. Rg7 Qf6 31. h6 Bg6 32. Bg5 Qd6 33. Nh4 c4 34. dxc4
d3 35. Qe3 d2 36. Qxd2 Bxe4+ 37. Ka1 Qxd2 38. Bxd2 bxc4 39. bxc4 Nd4 40. Kb2
Rb8+ 41. Kc3 Ra8 42. Bg5 Rxa2 43. Bh5 Rc2+ 44. Kb4 Bd3 45. Bxf7+ Kf8 46. Bd5
1-0

[Event "chess.com Speed 2019"]
[Site "chess.com INT"]
[Date "2019.12.05"]
[Round "3.11"]
[White "Artemiev, V."]
[Black "So, W."]
[Result "1-0"]
[WhiteElo "2746"]
[BlackElo "2767"]
[PlyCount "125"]
[EventDate "2019.09.02"]
[EventType "k.o. (blitz)"]
[EventRounds "4"]
[EventCountry "USA"]
[SourceTitle "The Week in Chess 1309"]
[Source "Mark Crowther"]
[SourceDate "2019.12.10"]
[SourceVersion "1"]
[SourceVersionDate "2019.12.10"]
[SourceQuality "2"]

1. e4 e5 2. Bc4 Nf6 3. d3 c6 4. Nf3 d5 5. Bb3 Bb4+ 6. Bd2 Bxd2+ 7. Nbxd2 a5 8.
a3 a4 9. Ba2 Bg4 10. h3 Bxf3 11. Qxf3 O-O 12. O-O dxe4 13. Nxe4 Nxe4 14. Qxe4
Nd7 15. Rfe1 Qb6 16. Rab1 Ra5 17. Qf5 Qc7 18. Re3 g6 19. Qg4 Qd6 20. Qg3 Nf6
21. Rbe1 Rb5 22. Rxe5 Rxb2 23. Bxf7+ Kh8 24. Bxg6 Rxc2 25. Bf5 Qd4 26. Re7 Rg8
27. Qf3 Qc3 28. Bxh7 Rc1 29. Rxc1 Qxc1+ 30. Kh2 Nxh7 31. Rxb7 Qc5 32. Qf7 Qe5+
33. f4 Qg7 34. Qxg7+ Rxg7 35. Rb4 Rd7 36. Rxa4 Rxd3 37. Rc4 Rxa3 38. Rxc6 Kg7
39. g4 Nf6 40. f5 Ne4 41. h4 Ra2+ 42. Kg1 Ra3 43. g5 Ng3 44. Rc7+ Kg8 45. f6
Nf5 46. g6 Rg3+ 47. Kf2 Rxg6 48. f7+ Kg7 49. h5 Rf6 50. Kg2 Nh6 51. Kg3 Nxf7
52. Rc4 Rf5 53. Rf4 Kf8 54. Rxf5 Kg7 55. Kh4 Nh6 56. Ra5 Nf7 57. Ra7 Kf6 58.
Ra6+ Kg7 59. Kg4 Nh6+ 60. Kf4 Nf7 61. Rg6+ Kh7 62. Kf5 Nh6+ 63. Kf6 1-0

[Event "Villarrobledo op"]
[Site "Villarrobledo"]
[Date "1997.??.??"]
[Round "4"]
[White "Karpov, Anatoly"]
[Black "Campora, Daniel Hugo"]
[Result "1-0"]
[WhiteElo "2745"]
[BlackElo "2535"]
[PlyCount "103"]
[EventDate "1997.??.??"]
[EventType "swiss (rapid)"]
[EventRounds "9"]
[EventCountry "ESP"]
[SourceTitle "EXT 1998"]
[Source "ChessBase"]
[SourceDate "1997.11.17"]
[SourceVersion "1"]
[SourceVersionDate "1997.11.17"]
[SourceQuality "1"]

1. d4 Nf6 2. c4 e6 3. Nf3 d5 4. Nc3 Be7 5. Bg5 O-O 6. e3 c6 7. Rc1 Nbd7 8. Bd3
dxc4 9. Bxc4 Nd5 10. Bxe7 Qxe7 11. O-O Nxc3 12. Rxc3 e5 13. Bb3 exd4 14. exd4
Nf6 15. Re1 Qd6 16. Ne5 Bf5 17. Rf3 Bg4 18. Rxf6 Qxe5 19. dxe5 Bxd1 20. Bxf7+
Rxf7 21. Rxf7 Kxf7 22. Rxd1 Ke6 23. f4 a5 24. Kf2 Ra6 25. Rd6+ Ke7 26. Ke3 Rb6
27. b3 a4 28. Rd3 Ke6 29. g4 c5 30. h4 Rb4 31. h5 h6 32. bxa4 Rxa4 33. Rd6+ Ke7
34. Rb6 Rxa2 35. Rxb7+ Ke6 36. Rb6+ Ke7 37. Rc6 Rg2 38. Kf3 Rc2 39. Ke4 c4 40.
Rc7+ Kd8 41. Rxg7 Rd2 42. Ra7 c3 43. Ra3 Re2+ 44. Kf5 Re3 45. Ra4 c2 46. Rc4
Re2 47. g5 hxg5 48. fxg5 Ke7 49. h6 Rh2 50. Rc7+ Kd8 51. Rc5 Ke7 52. Kg6 1-0

[Event "chess.com Speed 2019"]
[Site "chess.com INT"]
[Date "2019.12.04"]
[Round "2.19"]
[White "Nakamura, Hi"]
[Black "Duda, J."]
[Result "1-0"]
[WhiteElo "2745"]
[BlackElo "2730"]
[PlyCount "111"]
[EventDate "2019.09.02"]
[EventType "k.o. (blitz)"]
[EventRounds "4"]
[EventCountry "USA"]
[SourceTitle "The Week in Chess 1309"]
[Source "Mark Crowther"]
[SourceDate "2019.12.10"]
[SourceVersion "1"]
[SourceVersionDate "2019.12.10"]
[SourceQuality "2"]

1. e4 d6 2. d4 Nf6 3. Nc3 g6 4. Bc4 Bg7 5. Qe2 Nfd7 6. Nf3 Nc6 7. Bxf7+ Kxf7 8.
Ng5+ Ke8 9. Ne6 Nxd4 10. Nxg7+ Kf8 11. Qd3 Nxc2+ 12. Qxc2 Kxg7 13. Be3 c6 14.
O-O-O Qa5 15. Bd4+ Nf6 16. f4 e5 17. Be3 Ng4 18. Bg1 exf4 19. Rxd6 Ne3 20. Qd3
Rf8 21. g3 Qb4 22. Rd4 Qe7 23. gxf4 Ng2 24. f5 Qg5+ 25. Qd2 Qxd2+ 26. Rxd2 Nh4
27. Bd4+ Kg8 28. Bc5 Re8 29. Rf2 b6 30. Bd6 gxf5 31. Rg1+ Kf7 32. Bg3 Ng6 33.
exf5 Ne5 34. Kb1 Ba6 35. Ka1 Bd3 36. Bf4 Rad8 37. Rfg2 Bxf5 38. Rg7+ Ke6 39.
Rxa7 Nf3 40. Rf1 Rd3 41. Ra6 Nd4 42. Re1+ Kf7 43. Ra7+ Kf6 44. Rxe8 Nc2+ 45.
Kb1 Nb4 46. Rf8+ Kg6 47. Rxf5 Kxf5 48. a3 Kxf4 49. axb4 Rh3 50. Ra6 Rxh2 51.
Rxb6 h5 52. Rxc6 h4 53. b5 h3 54. Rh6 Rh1+ 55. Ka2 Kg5 56. Rh8 1-0

[Event "Norway Masters blitz"]
[Site "Stavanger"]
[Date "2013.05.07"]
[Round "1"]
[White "Radjabov, Teimour"]
[Black "Topalov, Veselin"]
[Result "1-0"]
[WhiteElo "2745"]
[BlackElo "2793"]
[PlyCount "93"]
[EventDate "2013.05.07"]
[EventType "tourn (blitz)"]
[EventRounds "9"]
[EventCountry "NOR"]
[EventCategory "21"]
[SourceTitle "CBM 154 Extra"]
[Source "ChessBase"]
[SourceDate "2013.06.25"]
[SourceVersion "2"]
[SourceVersionDate "2013.06.25"]
[SourceQuality "1"]

1. Nf3 c6 2. g3 d6 3. Bg2 Nf6 4. c4 e5 5. O-O Be7 6. Nc3 O-O 7. e4 Bg4 8. d3
Nbd7 9. h3 Bh5 10. Be3 Ne8 11. Qd2 Nc7 12. Nh2 f6 13. d4 Bf7 14. b3 b5 15. cxb5
cxb5 16. Rfd1 b4 17. Na4 a5 18. Rac1 Nb5 19. Nf3 Rb8 20. dxe5 fxe5 21. Ng5 Bxg5
22. Bxg5 Qe8 23. Be3 Be6 24. Qe2 h6 25. Kh2 Nf6 26. f4 exf4 27. Bxf4 Nd7 28.
Rxd6 Nxd6 29. Bxd6 Rc8 30. Rxc8 Qxc8 31. Bxf8 Nxf8 32. Nb6 Qc7 33. Nd5 Qe5 34.
Nf4 Bf7 35. Qa6 Ne6 36. Nd5 Ng5 37. Qc8+ Kh7 38. Qf5+ Qxf5 39. exf5 Be8 40. Ne3
Nf7 41. Nc4 a4 42. Bd5 axb3 43. axb3 h5 44. Kg2 Kh6 45. h4 g5 46. fxg6 Kxg6 47.
Bxf7+ 1-0

[Event "WchT 10th"]
[Site "Tsaghkadzor"]
[Date "2015.04.22"]
[Round "4.3"]
[White "Tomashevsky, Evgeny"]
[Black "Akobian, Varuzhan"]
[Result "1-0"]
[WhiteElo "2745"]
[BlackElo "2622"]
[PlyCount "91"]
[EventDate "2015.04.19"]
[EventType "team-tourn"]
[EventRounds "9"]
[EventCountry "ARM"]
[SourceTitle "CBM 166"]
[Source "ChessBase"]
[SourceDate "2015.05.11"]
[SourceVersion "1"]
[SourceVersionDate "2015.05.11"]
[SourceQuality "1"]
[WhiteTeam "Russia"]
[BlackTeam "US of America"]
[WhiteTeamCountry "RUS"]
[BlackTeamCountry "USA"]

1. d4 d5 2. c4 e6 3. Nf3 Nf6 4. g3 Bb4+ 5. Bd2 Be7 6. Bg2 c6 7. O-O Nbd7 8. Nc3
O-O 9. Bf4 dxc4 10. e4 b5 11. d5 cxd5 12. exd5 b4 13. d6 bxc3 14. dxe7 Qxe7 15.
Bd6 Qd8 16. bxc3 Re8 17. Nd4 Nd5 18. Nxe6 Rxe6 19. Bxd5 Rxd6 20. Bxf7+ Kxf7 21.
Qxd6 Qg5 22. Qc6 Nb6 23. Rab1 Bh3 24. Rxb6 axb6 25. Qb7+ Kg6 26. Qxa8 Bxf1 27.
Qe8+ Kh6 28. Kxf1 Qd5 29. Qe3+ Kh5 30. a4 h6 31. Ke2 Kg6 32. Qxb6+ Kh7 33. Qd4
Qc6 34. a5 h5 35. h4 Qe6+ 36. Kd2 Qc6 37. Ke3 g6 38. Qa7+ Kh6 39. Qe7 Qa4 40.
Qe5 Kh7 41. Qc7+ Kh6 42. Qc8 Kh7 43. a6 Qd1 44. Qxc4 Qe1+ 45. Kf3 Qh1+ 46. Ke2
1-0

[Event "Sharjah Masters 1st"]
[Site "Sharjah"]
[Date "2017.03.26"]
[Round "4"]
[White "Wojtaszek, Radoslaw"]
[Black "Mayed, Alrashedi"]
[Result "1-0"]
[WhiteElo "2745"]
[BlackElo "2018"]
[PlyCount "55"]
[EventDate "2017.03.23"]
[EventType "swiss"]
[EventRounds "9"]
[EventCountry "UAE"]
[SourceTitle "CBM 177 Extra"]
[Source "ChessBase"]
[SourceDate "2017.04.27"]
[SourceVersion "1"]
[SourceVersionDate "2017.04.27"]
[SourceQuality "1"]

1. Nf3 Nf6 2. c4 g6 3. Nc3 Bg7 4. e4 d6 5. d4 O-O 6. Be2 e5 7. Be3 exd4 8. Nxd4
c6 9. f3 Nbd7 10. O-O d5 11. exd5 cxd5 12. Bf2 dxc4 13. Bxc4 a6 14. Rc1 Ne5 15.
Bb3 b5 16. Re1 Re8 17. a4 b4 18. Nce2 a5 19. Nf4 g5 20. Nd3 Nh5 21. Rxe5 Bxe5
22. Nc6 Bxh2+ 23. Kxh2 Qd6+ 24. Nde5 Qf6 25. Bxf7+ Qxf7 26. Nxf7 Kxf7 27. Qd5+
Be6 28. Qxg5 1-0

[Event "Corus"]
[Site "Wijk aan Zee"]
[Date "2007.01.14"]
[Round "2"]
[White "Aronian, Levon"]
[Black "Ponomariov, Ruslan"]
[Result "1-0"]
[WhiteElo "2744"]
[BlackElo "2723"]
[Annotator "Krasenkow,M"]
[PlyCount "77"]
[EventDate "2007.01.13"]
[EventType "tourn"]
[EventRounds "13"]
[EventCountry "NED"]
[EventCategory "19"]
[SourceTitle "CBM 117"]
[Source "ChessBase"]
[SourceDate "2007.03.30"]
[SourceVersion "1"]
[SourceVersionDate "2007.03.30"]
[SourceQuality "1"]

1. d4 Nf6 2. c4 e6 3. Nc3 Bb4 4. Nf3 d6 5. Qc2 Nbd7 6. g3 c5 $6 {About this
dubious system - see CBM 91, annotations by GM V.Golod to Hillarp Persson -
Agrest.} 7. Bg2 O-O 8. O-O a6 (8... Qe7 9. Rd1 a6 10. a3 Bxc3 11. Qxc3 Re8 12.
b4 e5 13. dxc5 dxc5 14. Bb2 Rb8 15. b5 Qe6 16. a4 $14 {1/2-1/2 Soppe,G-Giaccio,
A/Cordoba 1998/EXT 1999 (73)}) 9. Rd1 (9. a3 $5 Bxc3 10. Qxc3 {V.Golod}) 9...
cxd4 $146 (9... Qc7 10. a3 Bxc3 11. Qxc3 Re8 12. b3 b6 13. Bb2 Bb7 14. Rac1
Rac8 15. b4 $5 cxb4 16. axb4 Qb8 17. Qa3 $14 {0-1 Hillarp Persson,T-Agrest,E/
Skara 2002/CBM 091/[Golod,V] (50)}) 10. Nxd4 Qc7 11. b3 (11. a3 {deserved
attention here, too, although Black could now play} Bc5) 11... d5 $6 {It's not
easy for Black to develop his queenside. Still, it was probably better to keep
the position closed:} (11... Nc5) 12. Na4 $1 dxc4 13. Qxc4 Qxc4 14. bxc4 $16 {
Any Catalan player would be glad to get such a position from the opening!} Re8
15. Rb1 Bf8 16. Bd2 e5 17. Nb3 e4 {Shutting up the terrible bishop. However,
White's other pieces are strong enough to keep the black pieces down.} 18. c5
Nd5 19. Be1 N7f6 20. Na5 Ra7 21. e3 Bd7 22. Nc3 Bc6 23. Nxc6 bxc6 24. Nxd5 Nxd5
25. Ba5 {Finally, White has got a strong bishop pair. Black can capture the c5
pawn but he has many more weak pawns (a6,c6,e4).} g6 26. Bf1 Raa8 27. Rbc1 Bh6
28. Rc2 Rab8 29. Bc4 Nb4 30. Bxb4 {It is well-known that one of the advantages
of the bishop pair is that one of the bishops can be traded at an appropriate
moment.} Rxb4 31. Rd7 Rf8 32. Bxa6 {Despite the opposite-coloured bishops,
Black's position is hopeless. His pawns are on light squares and he can hardly
protect them. And don't forget about White's passed a-pawn!} Rfb8 33. Bc4 R4b7
34. Bxf7+ Kf8 35. Be6 Bg5 36. Rd4 Re7 37. Bb3 Bf6 38. Rd6 Kg7 39. Rxc6 1-0

[Event "FIDE World Cup"]
[Site "Baku"]
[Date "2015.09.11"]
[Round "1.1"]
[White "Vachier Lagrave, Maxime"]
[Black "Ortiz Suarez, Isan Reynaldo"]
[Result "1-0"]
[WhiteElo "2744"]
[BlackElo "2577"]
[PlyCount "69"]
[EventDate "2015.09.11"]
[EventType "k.o."]
[EventRounds "7"]
[EventCountry "AZE"]
[SourceTitle "CBM 169"]
[Source "ChessBase"]
[SourceDate "2015.11.10"]
[SourceVersion "1"]
[SourceVersionDate "2015.11.10"]
[SourceQuality "1"]

1. e4 c5 2. Nf3 d6 3. d4 cxd4 4. Nxd4 Nf6 5. Nc3 a6 6. h3 e5 7. Nde2 b5 8. Nd5
Nbd7 9. Nec3 Bb7 10. Bg5 Be7 11. Bxf6 Nxf6 12. a4 Nxd5 13. Nxd5 bxa4 14. Rxa4
O-O 15. Bc4 Bg5 16. O-O a5 17. Qd3 Bc6 18. Ra2 Qb8 19. Rfa1 Bd8 20. Ne3 Ra7 21.
Bd5 Bb5 22. Qd2 g6 23. b4 a4 24. c4 Bd7 25. b5 Bb6 26. Rxa4 Rxa4 27. Rxa4 Qc7
28. Ra6 Bc8 29. Bxf7+ Rxf7 30. Nd5 Bxf2+ 31. Qxf2 Qd8 32. Qb6 Qh4 33. Ra8 Rf8
34. Qxd6 Qf2+ 35. Kh2 1-0

[Event "ICC op final"]
[Site "ICC INT"]
[Date "2016.06.05"]
[Round "3"]
[White "Andreikin, Dmitry"]
[Black "Grischuk, Alexander"]
[Result "1-0"]
[WhiteElo "2743"]
[BlackElo "2747"]
[PlyCount "71"]
[EventDate "2016.06.05"]
[EventType "k.o. (blitz)"]
[EventRounds "3"]
[EventCountry "USA"]
[SourceTitle "CBM 172 Extra"]
[Source "ChessBase"]
[SourceDate "2016.06.21"]
[SourceVersion "1"]
[SourceVersionDate "2016.06.21"]
[SourceQuality "1"]

1. d4 Nf6 2. Bf4 g6 3. Nf3 Bg7 4. e3 O-O 5. h3 c5 6. c3 cxd4 7. exd4 d6 8. Be2
Nc6 9. O-O Be6 10. Nbd2 Qb6 11. Qb1 Rac8 12. a4 Rfe8 13. Re1 Bd5 14. Nc4 Bxc4
15. Bxc4 Nxd4 16. Bxf7+ Kxf7 17. Nxd4 e5 18. Qa2+ Kf8 19. Ne6+ Rxe6 20. Be3 Qc6
21. Qxe6 Re8 22. Qb3 a6 23. Rad1 h6 24. Qb6 Ke7 25. f4 e4 26. Bd4 d5 27. c4
dxc4 28. Qxc6 bxc6 29. Rc1 Ke6 30. Rxc4 Kd5 31. b3 Rb8 32. Bxf6 Bxf6 33. Rd1+
Ke6 34. Rxe4+ Kf5 35. Rc4 h5 36. Rd3 1-0

[Event "Wch Blitz 7th"]
[Site "Khanty-Mansiysk"]
[Date "2013.06.10"]
[Round "29"]
[White "Ponomariov, Ruslan"]
[Black "Sargissian, Gabriel"]
[Result "1-0"]
[WhiteElo "2743"]
[BlackElo "2671"]
[PlyCount "51"]
[EventDate "2013.06.09"]
[EventType "swiss (blitz)"]
[EventRounds "30"]
[EventCountry "RUS"]
[SourceTitle "CBM 154 Extra"]
[Source "ChessBase"]
[SourceDate "2013.06.25"]
[SourceVersion "2"]
[SourceVersionDate "2013.06.25"]
[SourceQuality "1"]

1. c4 e6 2. Nc3 d5 3. d4 Be7 4. cxd5 exd5 5. Bf4 c6 6. e3 Bf5 7. g4 Be6 8. h4
Nd7 9. g5 h6 10. g6 fxg6 11. Bd3 Ngf6 12. Bxg6+ Bf7 13. Bxf7+ Kxf7 14. Nf3 Rf8
15. Rg1 h5 16. Ng5+ Ke8 17. Ne6 Qb6 18. Qc2 Ne4 19. Nxe4 dxe4 20. O-O-O Nf6 21.
Rxg7 Rc8 22. Nxf8 Bxf8 23. Rg5 Be7 24. Kb1 Nd5 25. Re5 Qb5 26. Bg5 1-0

[Event "Pardubice Synthesia rap op 19th"]
[Site "Pardubice"]
[Date "2008.07.16"]
[Round "2"]
[White "Mamedyarov, Shakhriyar"]
[Black "Genba, Vladimir"]
[Result "0-1"]
[WhiteElo "2742"]
[BlackElo "2429"]
[PlyCount "50"]
[EventDate "2008.07.16"]
[EventType "swiss (rapid)"]
[EventRounds "9"]
[EventCountry "CZE"]
[SourceTitle "CBM 125 Extra"]
[Source "ChessBase"]
[SourceDate "2008.09.01"]
[SourceVersion "1"]
[SourceVersionDate "2008.09.01"]
[SourceQuality "1"]

1. d4 d5 2. c4 e6 3. Nc3 c5 4. cxd5 exd5 5. e4 dxe4 6. Bc4 Nf6 7. Qb3 cxd4 8.
Bxf7+ Ke7 9. Nb5 Nc6 10. Bd2 a6 11. Na3 a5 12. Rc1 Ne5 13. Bc4 Nxc4 14. Rxc4
Be6 15. Qxb7+ Ke8 16. Rxd4 Qxd4 17. Qxa8+ Kf7 18. Qb7+ Qd7 19. Qxd7+ Nxd7 20.
Ne2 Bxa3 21. bxa3 Rb8 22. f3 exf3 23. O-O Rb2 24. Rxf3+ Nf6 25. Rd3 Bc4 0-1

[Event "Moscow Tal Memorial 1st"]
[Site "Moscow"]
[Date "2006.11.06"]
[Round "1"]
[White "Aronian, Levon"]
[Black "Morozevich, Alexander"]
[Result "1-0"]
[WhiteElo "2741"]
[BlackElo "2747"]
[Annotator "Knaak,R"]
[PlyCount "83"]
[EventDate "2006.11.06"]
[EventType "tourn"]
[EventRounds "9"]
[EventCountry "RUS"]
[EventCategory "20"]
[SourceTitle "CBM 116"]
[Source "ChessBase"]
[SourceDate "2007.02.01"]
[SourceVersion "1"]
[SourceVersionDate "2007.02.01"]
[SourceQuality "1"]

{The first round often sets the scene for a successful or unsuccessful
tournament. This was the case in the Tal Memorial in Moscow. Alexander
Morozevich, the hero of the Europa Cup lost his opening game and finished last.
His opponent, the Armenian Levon Aronian, who lives in Berlin, made good use
of his full point and had a successful tournament - going on to share victory
with Leko and Ponomariov.  Oft stellt die erste Runde die Weichen für ein
erfolgreiches oder auch missratenes Turnier, so auch beim Tal-Memorial in
Moskau. Alexander Morozevich, beim Europa-Pokal noch der Held, verlor die
Auftaktbegegnung und wurde schließlich Letzter. Sein Gegner, der in Berlin
lebende Armenier Levon Aronian, nutzte den vollen Punkt für ein erfolgreiches
Turnier - er teilte am Ende mit Leko und Ponomariov den Sieg.} 1. d4 d5 2. Nf3
e6 3. c4 dxc4 4. e3 a6 5. a4 Nf6 6. Bxc4 c5 7. O-O Nc6 8. Qe2 Be7 (8... cxd4 9.
Rd1 Be7 10. exd4 {is the main line. ist die Hauptvariante.}) 9. Rd1 Qc7 10.
dxc5 O-O 11. b3 e5 12. h3 e4 13. Nd4 Ne5 14. b4 {And Aronian is the first to
deviate. Behind his move there was a deeply laid plan, I thought. Then I read
Aronian's own comments (in NIC Magazine 8/2006) in which the winner of the
game claime he did not know what theory had to say after move 8. Damit weicht
Aronian vom Vorgänger ab. Dahinter steckt eine tief durchdachte Konzeption,
dachte ich. Dann sah ich die Kommentare von Aronian selbst (in NIC Magazine 8/
2006), in denen der Sieger dieser Partie behauptet, ab dem 8. Zug die Theorie
nicht mehr zu kennen.} (14. Bb2 Bxc5 15. Nd2 Qe7 16. Nf1 Bd7 17. Ng3 g6 18. Qc2
Rac8 19. a5 Rfe8 20. Nde2 Bc6 21. Nc3 Ned7 22. Nce2 Ne5 23. Nc3 {1/2-1/2 Milov,
V (2653)-Karjakin,S (2635)/Warsaw 2005/CBM 108}) 14... b6 {Of course White
cannot hang on to the extra pawn.  Den Mehrbauern kann Weiß natürlich nicht
behaupten.} 15. Nd2 bxc5 16. bxc5 Bxc5 17. Ba3 Bxa3 18. Rxa3 {The position
which was apparently being aimed at. Black has a problem: his Bc8 does not
have a good square, e.g. it is doomed to passivity on b7. Possibly a move like
18...Bd7 is okay, but Morozevich prefers active play. The Bc8 is attacking h3,
so... Das ist die vermeintlich angestrebte Stellung. Schwarz hat ein Problem:
der Bc8 besitzt kein gutes Feld, z.B. ist er auf b7 zu reiner Passivität
verdammt. Mag sein, dass ein Zug wie 18...Bd7 okay ist, aber Morozevich agiert
lieber aktiv. Der Bc8 greift h3 an, also...} Ng6 $5 19. Nf1 Qc5 20. Rc3 Qg5 21.
Ng3 h5 {All this does not look bad, but the black rooks are not in the game. 
Das sieht alles nicht schlecht aus, aber die schwarzen Türme spielen nicht mit.
} 22. Kh1 Nh4 ({After Nach} 22... h4 23. Nf1 Ne5 {Black does not make progress
at first, but it was somewhat better. kommt Schwarz vorerst nicht weiter, dies
war aber gleichwohl etwas besser.}) 23. Qc2 $1 {White is preparing, e.g., Bf1,
after which Black's attack would be completely beaten off. Weiß bereitet u.a.
Bf1 vor, wonach der schwarze Angriff völlig abgeschlagen wäre.} Nxg2 $1 24.
Kxg2 {According to computer analysis there was a better move: Laut
Computeranalyse gab es einen besseren Zug:} (24. Nxe4 $1 Nxe4 25. Qxe4 Bxh3 26.
Bd3 f5 27. Qb7 {but this and the further analyses are inhuman. According to
the way they played, the contestants did not think of that at all. aber dies
und die weiteren Analysen sind unmenschlich. Dem Vernehmen nach verschwendeten
die Kontrahenten keinen Gedanken daran.}) 24... h4 25. Bxf7+ $1 Kxf7 26. Rc5
Bxh3+ {Once again the only move.  Wieder der einzige Zug.} 27. Kxh3 Qg4+ 28.
Kg2 hxg3 $2 {Black should have waited before playing this; but in any case he
has the problem with the Kf7. Even if he reaches an endgame he is somewhat
worse off, Schwarz hätte damit warten sollen, das Problem mit dem Kf7 hat er
aber auf jeden Fall. Selbst, wenn er ein Endspiel erreicht, steht er etwas
schlechter.} (28... Rfc8 29. Rc1 Rxc5 30. Qxc5 hxg3 31. Qc7+ Kg6 32. Qxg3 Qxg3+
33. Kxg3 $14 {/+/-}) 29. f3 $1 {All White's pieces are taking part in the
attack. Alle weißen Figuren beteiligen sich nun am Angriff.} exf3+ 30. Nxf3 Kg8
31. Qa2+ Kh8 32. Rc4 $1 ({Not Nicht} 32. Rh1+ Nh7 {and Black still survives.
und Schwarz lebt noch.}) 32... Qf5 $1 {Aronian is forced into some precise
play, but brilliantly carries out his task. Aronian wird zu präsisem Spiel
gezwungen, meistert diese Aufgabe aber glänzend.} 33. Rf4 $1 (33. Rh1+ $2 Nh5
34. Rf4 Qa5 $13) 33... Qh7 34. Rh4 Nh5 35. Rd5 Rf5 ({Now Jetzt reicht} 35... g6
{is not sufficient because of nicht wegen} 36. Rhxh5 gxh5 37. Qb2+ Qg7 38.
Rxh5+ Kg8 39. Rg5 {winning. mit Gewinn.}) 36. e4 Nf4+ 37. Kxg3 Rh5 38. Rxf4
Rh3+ 39. Kg4 Re8 40. Rdf5 Rg8 41. Qxg8+ Qxg8 42. Rf8 1-0